| 000 | 01231nam a2200229Ia 4500 | ||
|---|---|---|---|
| 001 | L100-51428 | ||
| 003 | IT-CnALBA | ||
| 008 | 170116s9999||||xx |||||||||||||| ||und|| | ||
| 040 |
_aIT-CnALBA _cIT-CnALBA |
||
| 041 | _aITALIANO | ||
| 100 | _aBEESING MARIA | ||
| 245 | 0 | _aL'ENNEAGRAMMA. UN ITINERARIO ALLA SCOPERTA DI SÈ. | |
| 250 | _a1a ed. | ||
| 260 |
_aCINISELLO BALSAMO (MI) _bEDIZIONI PAOLINE _c1993 [1° Ed.:1993 - Ed.Ling.Originale: 1993] |
||
| 300 | _a190 p. | ||
| 500 | _aTRADUZIONE DALL'INGLESE. INTRODUZIONE. ALLA SCOPERTA DELLA PROPRIA COMPULSIONE. IDENTIFICAZIONE NELL'ENNEAGRAMMA. GESÙ SECONDO L'ENNEAGRAMMA. COMPRENSIONE DELLA COMPULSIONE, L'IO E IL MONDO. L'IO SENZA EQUILIBRIO. SUPERAMENTO DELLA PROPRIA COMPULSIONE. AZ | ||
| 501 | _aSocietà San Paolo EM - Piazza San Paolo, 14 - 12051 ALBA (CN) (non commercial uses only) ® Copyright 2017 | ||
| 520 | _aTRADUZIONE DALL'INGLESE. INTRODUZIONE. ALLA SCOPERTA DELLA PROPRIA COMPULSIONE. IDENTIFICAZIONE NELL'ENNEAGRAMMA. GESÙ SECONDO L'ENNEAGRAMMA. COMPRENSIONE DELLA COMPULSIONE, L'IO E IL MONDO. L'IO SENZA EQUILIBRIO. SUPERAMENTO DELLA PROPRIA COMPULSIONE. AZ | ||
| 650 | _aFILOSOFIA E DISCIPLINE COLLEGATE | ||
| 942 | _cBK | ||
| 957 | _71 | ||
| 999 |
_a63061 _bNO _g Copie: 1 _c310304 _d310304 |
||